| 000 | 01146nam a22002177a 4500 | ||
|---|---|---|---|
| 999 |
_c57105 _d57105 |
||
| 003 | Ge_BSU | ||
| 005 | 20210325133015.0 | ||
| 008 | 191119s2018 ||||| |||| 00| 0 geo d | ||
| 020 | _a9789941952295 | ||
| 041 | _ageo | ||
| 080 | _a004.738.5 ბ-52 | ||
| 100 |
_aბერიძე, ნათია. _95440 |
||
| 245 |
_aინტერნეტ მარკეტინგის განვითარების თავისებურებები საქართველოში: _bპრობლემები და პერსპექტივები მონოგრაფია / _cნათია ბერიძე ; რედ. გელა მამულაძე. |
||
| 300 |
_a210 გვ.: _bცხრ. _c20 სმ. |
||
| 504 | _aბიბლიოგრ. გვ. 185-197 | ||
| 520 | _aრეზიუმე ინგლ. ენ. | ||
| 653 | _aინტერნეტ მომსახურება | ||
| 653 | _aსაინფორმაციო ტექნოლოგიები | ||
| 700 |
_a მამულაძე, გელა _eრედაქტორი _95441 |
||
| 942 |
_2udc _cBK |
||